000 00681nam a22002177a 4500
003 UA-OsUOA
001 79006
007 ta
008 20111027b un ||||| |||| 00| 0 ukr d
100 _aЗозуля С.М.
090 _a9
_bЗ-78
942 _cSA
040 _aUA-OsUOA
_bukr
_cUA-OsUOA
_dUA-OsUOA
245 _aРозвиток понятійного апарату архівознавства
300 _aС.45-53
955 _a0
041 _aukr
080 _a9
773 0 _w79001
_tБібліотекознавство. Документознавство. Інформологія
_d2011
_d2
650 7 _a9 Географія. Біографії. Історія
_2UDC
999 _c365323
_d365323